Państwa nad Morzem Karaibskim z mapą - Statystyki

Ogólne statystyki
  • Ten quiz został rozwiązany 130 razy
    128 od ostatniego zresetowania
  • Średni wynik to 19 z 21
Odpowiedzi na mapie
Odpowiedzi zakodowano w zielono-czerwonej skali na mapie do tego quizu, zgodnie z poniższymi procentami.
 
Statystyki odpowiedzi
Państwo % Poprawnych
Dominika
100%
Kuba
100%
Dominikana
99%
Haiti
98%
Jamajka
98%
Meksyk
98%
Nikaragua
98%
Panama
98%
Belize
97%
Kolumbia
97%
Gwatemala
96%
Wenezuela
96%
Honduras
95%
Kostaryka
93%
Trynidad i Tobago
88%
Barbados
82%
Saint Lucia
81%
Antigua i Barbuda
80%
Saint Kitts i Nevis
79%
Grenada
76%
Saint Vincent i Grenadyny
76%
Nie znaleziono quizów pasujących do podanych kryteriów
Rozkład punktacji
Procent ludzi z każdym wynikiem
Percentyl według liczby udzielonych odpowiedzi
Twoja historia wyników
Nie rozwiązałeś tego quizu od ostatniego zresetowania